<?xml version="1.0" encoding="UTF-8"?>
<record
    xmlns:xsi="http://www.w3.org/2001/XMLSchema-instance"
    xsi:schemaLocation="http://www.loc.gov/MARC21/slim http://www.loc.gov/standards/marcxml/schema/MARC21slim.xsd"
    xmlns="http://www.loc.gov/MARC21/slim">

  <leader>00481nam a22001697a 4500</leader>
  <controlfield tag="005">20250310203021.0</controlfield>
  <controlfield tag="008">250310b        |||||||| |||| 00| 0 eng d</controlfield>
  <datafield tag="020" ind1=" " ind2=" ">
    <subfield code="a">9788170129394</subfield>
  </datafield>
  <datafield tag="050" ind1=" " ind2=" ">
    <subfield code="a">KNS940</subfield>
    <subfield code="b">A98 2010</subfield>
  </datafield>
  <datafield tag="100" ind1=" " ind2=" ">
    <subfield code="a">Singh, Avtar</subfield>
  </datafield>
  <datafield tag="245" ind1=" " ind2=" ">
    <subfield code="a">Law of Tort: Law of Statutory Compensation </subfield>
    <subfield code="c">Singh, Avtar</subfield>
  </datafield>
  <datafield tag="250" ind1=" " ind2=" ">
    <subfield code="a">9th ed. </subfield>
  </datafield>
  <datafield tag="260" ind1=" " ind2=" ">
    <subfield code="a">Lucknow ;</subfield>
    <subfield code="b">Eastern Book Company</subfield>
    <subfield code="c">c2010</subfield>
  </datafield>
  <datafield tag="300" ind1=" " ind2=" ">
    <subfield code="a">lii, 703 p. ;</subfield>
  </datafield>
  <datafield tag="500" ind1=" " ind2=" ">
    <subfield code="a">Includes subject and index</subfield>
  </datafield>
  <datafield tag="942" ind1=" " ind2=" ">
    <subfield code="2">lcc</subfield>
    <subfield code="c">BK</subfield>
    <subfield code="n">0</subfield>
  </datafield>
  <datafield tag="999" ind1=" " ind2=" ">
    <subfield code="c">4670</subfield>
    <subfield code="d">4670</subfield>
  </datafield>
  <datafield tag="952" ind1=" " ind2=" ">
    <subfield code="0">0</subfield>
    <subfield code="1">0</subfield>
    <subfield code="2">lcc</subfield>
    <subfield code="4">0</subfield>
    <subfield code="7">0</subfield>
    <subfield code="8">NFIC</subfield>
    <subfield code="a">CTLL</subfield>
    <subfield code="b">CTLL</subfield>
    <subfield code="c">GEN</subfield>
    <subfield code="d">2025-03-10</subfield>
    <subfield code="l">0</subfield>
    <subfield code="o">KNS940.A98 PIL</subfield>
    <subfield code="p">LLCT00000205</subfield>
    <subfield code="r">2025-03-10 20:34:12</subfield>
    <subfield code="t">1</subfield>
    <subfield code="w">2025-03-10</subfield>
    <subfield code="y">BK</subfield>
  </datafield>
  <datafield tag="952" ind1=" " ind2=" ">
    <subfield code="0">0</subfield>
    <subfield code="1">0</subfield>
    <subfield code="2">lcc</subfield>
    <subfield code="4">0</subfield>
    <subfield code="7">0</subfield>
    <subfield code="8">NFIC</subfield>
    <subfield code="a">CTLL</subfield>
    <subfield code="b">CTLL</subfield>
    <subfield code="c">GEN</subfield>
    <subfield code="d">2025-03-10</subfield>
    <subfield code="l">0</subfield>
    <subfield code="o">KNS940.A98 PIL</subfield>
    <subfield code="p">LLCT00000206</subfield>
    <subfield code="r">2025-03-10 20:34:12</subfield>
    <subfield code="t">2</subfield>
    <subfield code="w">2025-03-10</subfield>
    <subfield code="y">BK</subfield>
  </datafield>
  <datafield tag="952" ind1=" " ind2=" ">
    <subfield code="0">0</subfield>
    <subfield code="1">0</subfield>
    <subfield code="2">lcc</subfield>
    <subfield code="4">0</subfield>
    <subfield code="7">0</subfield>
    <subfield code="8">NFIC</subfield>
    <subfield code="a">MLL</subfield>
    <subfield code="b">MLL</subfield>
    <subfield code="c">GEN</subfield>
    <subfield code="d">2025-06-18</subfield>
    <subfield code="l">0</subfield>
    <subfield code="o">KNS940.A98 PIL</subfield>
    <subfield code="p">LLM00001443</subfield>
    <subfield code="r">2025-06-18 20:36:45</subfield>
    <subfield code="t">1</subfield>
    <subfield code="w">2025-06-18</subfield>
    <subfield code="y">BK</subfield>
  </datafield>
</record>
